000 00919nam a2200265 a 4500
001 BRL_451
005 20190320210740.0
008 140813s1996----mx-a#####c---#000-0#spa-#
041 _aspaeng
044 _amx
050 4 _aNK845.O39
_b.A78 1996
245 1 0 _aArte popular de corazón de Oaxaca = Popular art at the heart of Oaxaca
_ctexto Julio Ramírez ; Traducción Robert Valerio.
260 _aOaxaca, Oax.
_bArtesanías e Industrias Populares del Estado de Oaxaca
_c1996
300 _a59 p.
_bil. (algunas a color)
_c21 cm.
500 _aAu495
500 _aTexto en: español e inglés.
650 1 4 _aArte popular
_zOaxaca, México
_923951
651 4 _aArtesanías
_zOaxaca, México
_923952
651 4 _aArtesanos
_zOaxaca, México
_923953
700 1 _aRamírez, Julio
_923954
700 1 _aValerio, Robert
_etr.
_923955
740 0 _aPopular art at the heart of Oaxaca
902 _aGRL
942 _2lcc
_cB
999 _c9263
_d9263